[Event "Turkish Super League 2019"]
[Site "Konya"]
[Date "2019.07.19"]
[Round "3"]
[White "Demchenko, Anton"]
[Black "Ivanchuk, Vassily"]
[Result "1/2-1/2"]
[WhiteElo "2665"]
[BlackElo "2684"]
[Annotator "TA"]
[PlyCount "89"]
[EventDate "2019.07.17"]
[EventType "team-tourn"]
[EventCountry "TUR"]
[SourceTitle "playchess.com"]
[Source "ChessBase"]
[SourceQuality "1"]

{[%evp 10,89,16,16,29,9,12,10,16,0,14,16,27,23,28,29,52,44,39,31,31,34,28,28,36,24,33,36,34,34,36,23,20,23,22,14,29,30,40,33,37,35,41,39,68,6,78,11,14,15,8,8,8,7,8,8,8,8,8,0,0,0,0,0,0,0,0,0,0,0,0,0,0,0,0,0,0,0,0,0,0,0]} 1. e4 c5 2. Nf3 d6 3. Bb5+ Bd7 4. Bxd7+ Nxd7 5. O-O Ngf6 6. Re1 Rc8 {B52: Sicilian: Moscow Variation with 3...Bd7} 7. b3 g6 8. Bb2 Bg7 9. c4 e5 $146 ({Predecessor:} 9... O-O 10. d4 cxd4 11. Nxd4 Nc5 12. Nc3 Nfd7 13. Nf3 a5 14. Rb1 {0-1 (42) Recuero Guerra,D (2492)-Gashimov,V (2740) Lugo 2009}) 10. Nc3 O-O 11. d3 Bh6 12. a3 Nb8 {[%cal Bd7b8,Bb8c6,Bc6d4,Bd4f3][%mdl 32]} 13. b4 Nc6 14. Nd5 Nxd5 15. exd5 Nd4 16. bxc5 Nxf3+ 17. Qxf3 {aiming for cxd6.} Rxc5 18. a4 f5 19. Qe2 Rc7 20. Rab1 Re8 21. f3 Rce7 22. Bc3 Bg7 23. Bd2 Qc8 24. Be3 b6 25. Rec1 Qa6 26. Qa2 h5 27. a5 (27. Rb5 $14) 27... Kh7 (27... Qxa5 $11 {remains equal.} 28. Qxa5 bxa5) 28. Rc2 ({White should try} 28. Rb5 $16) 28... bxa5 $11 {The position is equal.} 29. Rb5 Bh6 30. Bxh6 Kxh6 31. Qxa5 Qxa5 32. Rxa5 {[%mdl 4096] Endgame KRR-KRR} e4 33. dxe4 fxe4 34. fxe4 Rxe4 35. Rxa7 Rc8 36. Ra6 Rcxc4 37. Rxc4 Rxc4 {KR-KR} 38. h3 Rd4 39. Rxd6 Rd2 40. Rd8 Kg7 41. d6 Kf7 42. d7 Rd6 43. Kf2 Ke7 44. Rg8 Kxd7 45. Rg7+ {Accuracy: White = 66%, Black = 72%.} 1/2-1/2

[Event "Turkish Super League 2019"]
[Site "Konya"]
[Date "2019.07.19"]
[Round "3"]
[White "Alekseenko, Kirill"]
[Black "Iljiushenok, Ilia"]
[Result "1-0"]
[WhiteElo "2650"]
[BlackElo "2520"]
[Annotator "TA"]
[PlyCount "51"]
[EventDate "2019.07.17"]
[EventType "team-tourn"]
[EventCountry "TUR"]
[SourceTitle "playchess.com"]
[Source "ChessBase"]
[SourceQuality "1"]

{[%evp 9,51,0,7,0,3,4,9,11,37,36,32,36,37,43,50,37,195,194,201,208,197,190,200,189,416,416,409,379,403,407,563,400,388,372,471,471,581,586,584,570,727,706,846,822]} 1. e4 c6 2. d4 d5 3. e5 c5 4. Nf3 cxd4 5. Qxd4 (5. Nxd4 e6 6. Nd2 Ne7 7. Bd3 Nec6 8. N2f3 Nxd4 9. Nxd4 Nc6 10. Nf3 Bc5 11. O-O h6 12. c3 a6 13. Re1 {1-0 (57) Jones,G (2682)-Indjic,A (2620) St Petersburg 2018}) (5. Nxd4 Nc6 6. f4 Nh6 7. c3 a6 8. Nd2 Nxd4 9. cxd4 Qb6 10. Nb3 Bg4 11. Qc2 Rc8 12. Nc5 e6 13. h3 Bxc5 14. dxc5 Rxc5 {1-0 (55) Alekseenko,K (2650)-Iljiushenok,I (2549) Yaroslavl 2019}) 5... Nc6 6. Qf4 {B12: Caro-Kann: Advance Variation} e6 7. Nc3 a6 8. Bd3 {The position is equal.} Qc7 $146 ({Predecessor:} 8... Nb4 9. Qg4 Nxd3+ 10. cxd3 Ne7 11. Bg5 Qb6 12. Bxe7 {1-0 (24) Korchut,A (2075)-Dubleumortier,A (2164) IECG email 2005}) 9. O-O Nge7 10. Re1 Ng6 11. Qg3 Bc5 12. h4 $36 {[%mdl 2048] Black must now prevent h5. White fights for an advantage.} Nd4 $2 {[#]} (12... O-O $1 $14) 13. Nxd4 $1 $18 ({Stronger than} 13. h5 Nxf3+ 14. gxf3 Ne7 $11) 13... Bxd4 {[#]} 14. h5 $1 Bxe5 15. Rxe5 Qxe5 16. hxg6 Qe1+ $2 (16... Qxg3 {might work better.} 17. gxf7+ (17. fxg3 hxg6 18. Na4 e5 $14) 17... Kxf7 18. fxg3 Bd7) 17. Bf1 hxg6 18. Rb1 Rh1+ 19. Kxh1 Qxf1+ 20. Kh2 {aiming for b3.} Qc4 21. b3 Qc6 22. Ba3 {White is clearly winning.} b5 23. Qh4 {[%csl Ga3][%cal Rh4e7]} Qc7+ 24. Kg1 Kd7 25. Ne4 Kc6 {[#]} 26. c4 $1 {Accuracy: White = 98%, Black = 40%.} 1-0

[Event "Turkish Super League 2019"]
[Site "Konya"]
[Date "2019.07.19"]
[Round "3"]
[White "Kravtsiv, Martyn"]
[Black "Dimitrov, Radoslav"]
[Result "0-1"]
[WhiteElo "2628"]
[BlackElo "2530"]
[Annotator "TA"]
[PlyCount "98"]
[EventDate "2019.07.17"]
[EventType "team-tourn"]
[EventCountry "TUR"]
[SourceTitle "playchess.com"]
[Source "ChessBase"]
[SourceQuality "1"]

{[%evp 15,110,43,43,41,31,29,32,31,31,28,25,0,0,0,0,-14,40,0,14,0,0,0,0,0,0,0,0,0,0,0,0,0,0,0,41,0,24,11,33,29,19,25,83,75,77,0,0,0,0,0,0,0,0,0,0,0,0,-13,-19,-15,-9,-104,-108,-328,-315,-315,-315,-220,-8,-8,-8,-8,-8,-20,-20,-379,0,-710,-725,-710,-695,-688,-711,-718,-705,-706,-700,-692,-662,-1095,-550,-1903,-1823,-1693,-1645,-1342,-1075]} 1. e4 Nf6 2. e5 Nd5 3. d4 d6 4. Nf3 g6 5. Bc4 Nb6 6. Bb3 Bg7 7. Ng5 e6 8. Qf3 O-O 9. Qh3 {[%csl Gg5][%cal Rh3h7] B04: Alekhine's Defence: 4 Nf3} h6 $1 {[%cal Rh6g5]} 10. Nf3 dxe5 11. dxe5 {White is slightly better.} c5 (11... Nc6 12. Bxh6 Nxe5 13. Ng5 Nd3+ 14. cxd3 Bxb2 15. Nd2 Bxa1 16. O-O Bd4 {1-0 (31) Nisipeanu,L (2661)-Reinderman,D (2576) Rijeka 2010}) 12. Na3 (12. Bxh6 c4 $15) 12... h5 13. Qg3 $146 ({Predecessor:} 13. Be3 c4 14. Nxc4 Nxc4 15. Bxc4 Qc7 16. Bb3 a5 {½-½ (38) Schilling,F (2434)-Koestner,W (2375) Remote email 2012}) 13... a6 14. O-O Qc7 15. c3 N6d7 (15... c4 $11 16. Bc2 Nd5) 16. Bf4 b5 {[%cal Bb7b5,Bb5b4][%mdl 32]} 17. c4 b4 18. Nb1 Nc6 {[%cal Rc6e5]} 19. Re1 Nd4 20. Nxd4 cxd4 21. Nd2 Bb7 22. Bd1 Nc5 23. Bf3 Rfd8 24. Rad1 d3 25. b3 a5 26. Bg5 Bxf3 27. Bxd8 ({But not} 27. Nxf3 Rd7 $11) 27... Rxd8 28. Nxf3 a4 (28... Bh6 $11) 29. Nd2 $1 $16 Bh6 30. Qf3 ({Better is} 30. f4 $16) 30... Bxd2 31. Rxd2 axb3 32. axb3 Qd7 33. Red1 (33. h3 {with more complications.} Nxb3 34. Rb2 Nc5 35. Qe3 Qa4 36. Reb1) 33... Qd4 $1 34. Qe3 Qxe3 35. fxe3 $11 {[%mdl 4096] Endgame KRR-KRN} g5 36. Ra2 Kg7 37. Kf1 Kg6 38. Ke1 (38. Ra5 $11 {keeps the balance.} Ne4 39. Ra6) 38... Kf5 $1 $17 {[%mdl 1024] Black has strong compensation.} 39. Ra5 $2 (39. Rb1 $17) 39... d2+ $1 $19 ({Inferior is} 39... Nxb3 40. Rb5 $11) 40. Kf1 Ne4 $1 ({Worse is} 40... Nxb3 41. Rb5 $11) 41. Ra2 Rd3 $2 (41... Kxe5 $19 {Strongly threatening ...Rd3.} 42. Ra5+ Kf6) 42. Ke2 $11 Rxb3 {And now ...Nc3+ would win.} 43. Rf1+ Kxe5 44. Ra5+ Kd6 {aiming for ...Rb2.} 45. Rxf7 $2 {[%mdl 8192] [#]} (45. Ra6+ $1 $11 {and White stays safe.} Kc5 46. Rxf7 Kxc4 47. Rxe6 Nc3+ 48. Kxd2 Rb2+ 49. Ke1) 45... Ra3 $2 ({Black should play} 45... Rxe3+ $1 $19 {[%mdl 512]} 46. Kxe3 d1=Q 47. Ra6+ Ke5 48. Ra5+ {[#]} Nc5 $1 {[%mdl 512]} 49. Rxc5+ Kd6) 46. Rfa7 $2 {[%mdl 8192] [#]} (46. Raa7 $11) 46... Rxe3+ $1 $19 {[%mdl 576] Deflection, Promotion. Black is clearly winning.} 47. Kxe3 d1=Q 48. R7a6+ Ke7 49. Kxe4 {KQ-KRR} Qe1+ {Played: Qd1-e2} 0-1

[Event "Turkish Super League 2019"]
[Site "Konya"]
[Date "2019.07.19"]
[Round "3"]
[White "Yilmaz, Mustafa"]
[Black "Gholami, Aryan"]
[Result "1/2-1/2"]
[WhiteElo "2618"]
[BlackElo "2532"]
[Annotator "TA"]
[PlyCount "63"]
[EventDate "2019.07.17"]
[EventType "team-tourn"]
[EventCountry "TUR"]
[SourceTitle "playchess.com"]
[Source "ChessBase"]
[SourceQuality "1"]

{[%evp 9,63,25,15,0,0,0,0,0,0,-14,0,-18,0,0,2,0,0,-49,-37,-54,-25,-89,-53,-54,-35,-35,-51,-44,0,0,9,9,9,18,0,-80,0,0,0,0,0,0,0,0,0,0,0,0,0,0,0,0,-2,-20,0,0]} 1. d4 Nf6 2. c4 e6 3. Nf3 d5 4. Nc3 dxc4 5. e4 Bb4 6. Bxc4 {D24: Queen's Gambit Accepted: 3 Nf3 Nf6 4 Nc3} (6. Bg5 c5 7. Bxc4 cxd4 8. Nxd4 Bxc3+ 9. bxc3 Qa5 10. Bd2 O-O 11. Qe2 e5 12. Nb3 Qc7 13. O-O Bg4 14. f3 Rc8 15. Bd5 Nxd5 16. exd5 Bh5 17. c4 {1-0 (38) Carlsen,M (2845)-Aronian,L (2763) Karlsruhe/Baden Baden 2019}) 6... Nxe4 7. O-O Nxc3 8. bxc3 Be7 9. Qe2 Nd7 10. Rd1 c6 11. Rd3 $146 ({Predecessor:} 11. Bb3 Qc7 12. h4 O-O 13. Bg5 Bd6 {0-1 (37) Hillarp Persson,T (2474)-Agrest,E (2591) Umea 2003}) 11... Qc7 (11... b5 $5 12. Bb3 $8 O-O $11) 12. Ne5 Nxe5 13. dxe5 Bd7 14. Rg3 g6 15. Rb1 (15. Bh6 $11 {remains equal.}) 15... c5 16. Bh6 Bc6 17. Rd3 a6 {[#] Threatens to win with ...b5.} 18. Bb3 Bd7 19. c4 O-O-O 20. Rf3 $1 $36 {[%mdl 2048] White is pushing.} Be8 21. Bc2 Rd4 22. Bd3 {[#]} (22. Bd2 $11) 22... g5 (22... Bc6 $1 $17 {[%cal Rc6f3]} 23. Rxf7 Qd8) 23. Be4 $11 {The position is equal.} Rxe4 {[%mdl 64] Remove Defender} 24. Qxe4 {Hoping for Rg3.} Bc6 25. Qe3 Bxf3 26. Qxf3 Bd8 27. h3 Rg8 28. Qe4 Rg6 29. Bf8 Be7 30. Bxe7 Qxe7 31. Rb6 h5 32. g3 {Accuracy: White = 76%, Black = 48%.} 1/2-1/2

[Event "Turkish Super League 2019"]
[Site "Konya"]
[Date "2019.07.19"]
[Round "3"]
[White "Rakhmanov, Aleksandr"]
[Black "Gadimbayli, Abdulla"]
[Result "1-0"]
[WhiteElo "2615"]
[BlackElo "2414"]
[Annotator "TA"]
[PlyCount "59"]
[EventDate "2019.07.17"]
[EventType "team-tourn"]
[EventCountry "TUR"]
[SourceTitle "playchess.com"]
[Source "ChessBase"]
[SourceQuality "1"]

{[%evp 10,59,29,31,22,29,32,29,32,24,32,27,42,37,58,54,42,42,39,45,64,70,73,82,72,68,82,93,89,89,96,96,96,91,321,238,250,250,223,214,265,233,215,0,1187,1193,1055,1060,969,993,988,953]} 1. Nf3 Nf6 2. g3 b6 3. Bg2 Bb7 4. O-O e6 5. c4 g6 6. d4 Bg7 {E16: Queen's Indian: 4 g3 Bb7 5 Bg2 Bb4+} 7. Qc2 O-O 8. Nc3 d5 {White has an edge.} 9. cxd5 (9. Ne5 c6 10. Rd1 Nbd7 11. e4 dxe4 12. Nxe4 Nxe4 13. Bxe4 Qc7 14. Nxd7 Qxd7 15. Be3 {1-0 (47) Xiong,J (2672)-Mamedyarov,S (2817) chess.com INT 2019}) 9... exd5 10. Ne5 c6 $146 ({Predecessor:} 10... Re8 11. Rd1 c6 12. Bg5 Nbd7 13. f4 h6 14. Bxf6 Nxf6 {½-½ (21) Fichtner,B (2155)-Rach,J (2170) ICCF email 2007}) 11. Bg5 h6 12. Bxf6 Bxf6 13. e4 (13. Rad1 {with more complications.} Nd7 14. f4 Bg7 15. Qa4 Qc7 16. e4) 13... Bxe5 14. dxe5 {Threatens to win with exd5.} d4 15. Rad1 c5 16. Nd5 Nc6 17. f4 Kg7 18. h4 h5 19. Rf2 Ne7 {[%cal Re7d5]} 20. Nf6 Ng8 21. f5 Qc7 $2 (21... Nxf6 $16 {keeps fighting.} 22. exf6+ Qxf6) 22. Nxh5+ gxh5 23. f6+ $1 Kh7 {Strongly threatening ...Nh6.} 24. Rf5 Nh6 25. Rxh5 {Intending Qd2 and mate.} Rg8 {[#]} 26. Rxd4 $1 $40 {[%mdl 640] White has some attack.} Bc8 $2 {[%mdl 8192] [#]} ({But not} 26... Rxg3 $2 {[#]} 27. Qd2 $1 $18 {[%mdl 512]}) (26... Rg6 $11 27. Rd6 Bc8) (26... cxd4 27. Qxc7) 27. Qd2 $1 $18 {[%csl Gd2][%cal Rh5h6][%mdl 512] White is clearly winning.} Rg6 {[#]} 28. Rd8 $1 {[%mdl 512] White threatens Rxh6+! and mate.} Bg4 {[#]} 29. Rxh6+ $1 {[%mdl 512]} Rxh6 30. Rxa8 {Accuracy: White = 84%, Black = 64%.} 1-0

[Event "Turkish Super League 2019"]
[Site "Konya"]
[Date "2019.07.19"]
[Round "3"]
[White "Romanov, Evgeny"]
[Black "Mamedov, Rauf"]
[Result "1/2-1/2"]
[WhiteElo "2582"]
[BlackElo "2650"]
[Annotator "TA"]
[PlyCount "73"]
[EventDate "2019.07.17"]
[EventType "team-tourn"]
[EventCountry "TUR"]
[SourceTitle "playchess.com"]
[Source "ChessBase"]
[SourceQuality "1"]

{[%evp 9,73,29,33,0,37,40,37,17,9,8,17,0,0,1,20,0,0,0,0,0,15,16,14,-14,0,-22,-1,-16,0,-49,-37,-22,-18,-51,0,0,0,0,0,0,0,0,0,-14,-19,-14,-25,-24,0,0,0,0,0,0,0,0,0,0,0,0,0,0,0,0,0,0]} 1. d4 d5 2. Nf3 Nf6 3. Bg5 Nbd7 4. e3 h6 5. Bh4 e6 6. Nbd2 {D03: 1 d4 d5 2 Nf3 Nf6 3 Bg5, including Torre Attack with early ...d5} g5 (6... Be7 7. Bd3 b6 8. c3 Bb7 9. Qe2 Ne4 10. Bxe7 Qxe7 11. O-O O-O 12. Ba6 Bxa6 13. Qxa6 c5 14. Nxe4 dxe4 15. Nd2 Nf6 16. Rfd1 Rfd8 17. Rac1 {0-1 (43) Mamedyarov,S (2801)-Giri,A (2782) chess.com INT 2018}) 7. Bg3 Nh5 8. Bd3 {White is slightly better.} Nxg3 9. hxg3 Bg7 10. g4 $146 ({Predecessor:} 10. c3 a6 11. e4 dxe4 12. Nxe4 b6 13. Qe2 {0-1 (34) Khanyl,C (1375)-Urangoo,K (1475) Ulaanbaatar 2019}) 10... Qe7 11. c3 c5 12. Qe2 e5 13. dxe5 Nxe5 14. Nxe5 Bxe5 15. O-O-O Be6 16. g3 O-O-O 17. f4 Bg7 18. Kb1 Kb8 19. Qf3 Bd7 20. e4 dxe4 21. Bxe4 Bb5 (21... Rhe8 $15) 22. Rhe1 $11 Rhe8 23. Qf2 Qc7 24. Bc2 Bd7 25. Rxe8 Rxe8 26. fxg5 Bxg4 27. Re1 $1 {[%cal Re1e8]} Rxe1+ 28. Qxe1 hxg5 29. Qe8+ {The position is equal.} Bc8 30. Bf5 $1 Bf6 31. Bxc8 Qxc8 32. Qxf7 Qf5+ 33. Kc1 g4 34. Qf8+ Kc7 35. Qf7+ Kb8 36. Qf8+ Kc7 37. Qf7+ {Accuracy: White = 60%, Black = 76%.} 1/2-1/2

[Event "Turkish Super League 2019"]
[Site "Konya"]
[Date "2019.07.19"]
[Round "3"]
[White "Heberla, Bartlomiej"]
[Black "Arat, Ufuk Sezen"]
[Result "1-0"]
[WhiteElo "2534"]
[BlackElo "2376"]
[Annotator "ChessBase"]
[PlyCount "69"]
[EventDate "2019.07.17"]
[EventType "team-tourn"]
[EventCountry "TUR"]
[SourceTitle "playchess.com"]
[Source "ChessBase"]
[SourceQuality "1"]
[TimeControl "40/5400+30:1800+30"]

1. e4 {[%emt 0:18:30]} e5 {[%emt 0:32:30]} 2. Nf3 {[%emt 0:00:30]} Nf6 {[%emt 0:00:30]} 3. Nxe5 {[%emt 0:00:30]} d6 {[%emt 0:00:30]} 4. Nd3 {[%emt 0:00:30]} Nxe4 {[%emt 0:00:30]} 5. Qe2 {[%emt 0:00:30]} Qe7 {[%emt 0:00:30]} 6. Nf4 {[%emt 0:00:30]} c6 {[%emt 0:00:30]} 7. c4 {[%emt 0:00:30]} Na6 {[%emt 0:00:30]} 8. d4 {[%emt 0:00:30]} Nb4 {[%emt 0:00:30]} 9. a3 {[%emt 0:00:30]} Na6 {[%emt 0:00:30]} 10. Be3 {[%emt 0:00:30]} g6 {[%emt 0:00:30]} 11. f3 {[%emt 0:04:30]} Nf6 {[%emt 0:07:30]} 12. Qf2 {[%emt 0:15:30]} Bh6 {[%emt 0:07:30]} 13. Kd2 {[%emt 0:19:30]} O-O {[%emt 0:04:30]} 14. Nc3 {[%emt 0:00:30]} d5 {[%emt 0:15:30]} 15. Nfxd5 {[%emt 0:03:30]} Bxe3+ {[%emt 0:01:30]} 16. Qxe3 {[%emt 0:00:30]} Qd8 {[%emt 0:04:58]} 17. Nxf6+ {[%emt 0:08:30]} Qxf6 {[%emt 0:00:06]} 18. Rd1 {[%emt 0:00:00]} Bf5 {[%emt 0:05:02]} 19. g4 {[%emt 0:03:00]} Rfe8 {[%emt 0:04:46]} 20. Qf4 {[%emt 0:02:41]} Qh4 {[%emt 0:00:01]} 21. Kc1 {[%emt 0:00:47]} Rad8 {[%emt 0:00:32]} 22. c5 {[%emt 0:05:56]} Nb8 {[%emt 0:07:22]} 23. Bc4 {[%emt 0:00:50]} Nd7 {[%emt 0:00:28]} 24. Ne4 {[%emt 0:05:27]} Be6 {[%emt 0:01:29]} 25. Bxe6 {[%emt 0:00:04]} Rxe6 {[%emt 0:00:08]} 26. d5 {[%emt 0:00:04]} cxd5 {[%emt 0:00:13]} 27. Rxd5 {[%emt 0:00:07]} Nf8 {[%emt 0:01:12]} 28. Rxd8 {[%emt 0:01:56]} Qxd8 {[%emt 0:00:33]} 29. Rd1 {[%emt 0:00:04]} Qe7 {[%emt 0:00:31]} 30. g5 {[%emt 0:00:54]} Re5 {[%emt 0:01:10]} 31. Kb1 {[%emt 0:00:40]} Rf5 {[%emt 0:00:49]} 32. Qd6 {[%emt 0:02:48]} Re5 {[%emt 0:00:26]} 33. Qd4 {[%emt 0:00:59]} Rf5 {[%emt 0:02:29]} 34. Nf6+ {[%emt 0:00:39]} Kh8 {[%emt 0:00:02]} 35. Ng4+ {[%emt 0:00:00]} 1-0

[Event "Turkish Super League 2019"]
[Site "Konya"]
[Date "2019.07.19"]
[Round "3"]
[White "Rasulov, Vugar"]
[Black "Mchedlishvili, Mikheil"]
[Result "0-1"]
[WhiteElo "2534"]
[BlackElo "2571"]
[Annotator "ChessBase"]
[PlyCount "120"]
[EventDate "2019.07.17"]
[EventType "team-tourn"]
[EventCountry "TUR"]
[SourceTitle "playchess.com"]
[Source "ChessBase"]
[SourceQuality "1"]
[TimeControl "40/5400+30:1800+30"]

1. d4 Nf6 2. c4 g6 3. Nc3 d5 4. Bg5 Ne4 5. Bh4 Nxc3 6. bxc3 dxc4 7. e3 Be6 8. Qb1 c5 9. Nf3 Qa5 10. Qb2 Bg7 11. Be2 cxd4 12. exd4 Bd5 13. O-O Nd7 14. a4 e6 15. Nd2 Rc8 16. Rfc1 O-O 17. Nf1 e5 18. Ne3 exd4 19. cxd4 c3 20. Qb5 Qxb5 21. axb5 Be4 22. Nc4 Ra8 23. Bg3 g5 24. Kf1 Nb6 25. Nd6 Bg6 26. Be5 c2 27. Bf3 Bd3+ 28. Be2 Bg6 29. Bf3 Bxe5 30. dxe5 Nd7 31. Bxb7 Bd3+ 32. Kg1 Rad8 33. Ne4 h6 34. h4 Nxe5 35. hxg5 hxg5 36. Nxg5 Rd7 37. Bc6 Nxc6 38. bxc6 Rc7 39. Nf3 Rd8 40. Ne5 Bh7 41. Kh2 Rd5 42. f4 a5 43. Ra2 Kg7 44. Raxc2 Bxc2 45. Rxc2 f6 46. Nf3 Kf7 47. Rc4 {[%emt 2:07:20]} Rb5 {[%emt 2:08:32]} 48. Kg3 {[%emt 0:00:30]} Rb4 {[%emt 0:00:30]} 49. Rc5 {[%emt 0:00:30]} a4 {[%emt 0:00:22]} 50. Nd2 {[%emt 0:02:07]} Ke6 {[%emt 0:02:37]} 51. Nc4 {[%emt 0:00:04]} a3 {[%emt 0:01:04]} 52. f5+ {[%emt 0:00:01]} Ke7 {[%emt 0:03:00]} 53. Ne3 {[%emt 0:00:05]} Ra4 {[%emt 0:01:54]} 54. Rc1 {[%emt 0:00:36]} Ra5 {[%emt 0:01:49]} 55. Nc4 {[%emt 0:00:05]} Ra6 {[%emt 0:00:59]} 56. Re1+ {[%emt 0:00:09]} Kf8 {[%emt 0:00:39]} 57. Nd6 {[%emt 0:00:40]} a2 {[%emt 0:00:38]} 58. Re8+ {[%emt 0:01:07]} Kg7 {[%emt 0:00:30]} 59. Re1 {[%emt 0:00:00]} Rcxc6 {[%emt 0:02:18]} 60. Re7+ {[%emt 0:00:00]} Kh6 {[%emt 0:00:25]} 0-1

[Event "Turkish Super League 2019"]
[Site "Konya"]
[Date "2019.07.19"]
[Round "3"]
[White "Ali Marandi, Cemil Can"]
[Black "Ozer, Omer Faruk"]
[Result "1-0"]
[WhiteElo "2527"]
[BlackElo "2369"]
[Annotator "ChessBase"]
[PlyCount "81"]
[EventDate "2019.07.17"]
[EventType "team-tourn"]
[EventCountry "TUR"]
[SourceTitle "playchess.com"]
[Source "ChessBase"]
[SourceQuality "1"]
[TimeControl "40/5400+30:1800+30"]

1. d4 {[%emt 0:09:30]} Nf6 {[%emt 0:37:30]} 2. Bg5 {[%emt 0:00:30]} Ne4 {[%emt 0:00:30]} 3. h4 {[%emt 0:00:30]} d5 {[%emt 0:00:30]} 4. Nd2 {[%emt 0:00:30]} Bf5 {[%emt 0:00:30]} 5. Nxe4 {[%emt 0:00:30]} Bxe4 {[%emt 0:00:30]} 6. f3 {[%emt 0:00:30]} h6 {[%emt 0:00:30]} 7. Bf4 {[%emt 0:00:30]} Bh7 {[%emt 0:00:30]} 8. e3 {[%emt 0:00:30]} e6 {[%emt 0:00:30]} 9. Bd3 {[%emt 0:00:30]} Bxd3 {[%emt 0:00:30]} 10. Qxd3 {[%emt 0:00:30]} Nc6 {[%emt 0:00:30]} 11. O-O-O {[%emt 0:00:30]} Qd7 {[%emt 0:00:30]} 12. Kb1 {[%emt 0:00:30]} Bd6 {[%emt 0:00:30]} 13. Ne2 {[%emt 0:00:30]} O-O-O {[%emt 0:00:30]} 14. Bxd6 {[%emt 0:00:30]} cxd6 {[%emt 0:09:30]} 15. e4 {[%emt 0:02:30]} Kb8 {[%emt 0:02:30]} 16. Nc3 {[%emt 0:07:30]} dxe4 {[%emt 0:00:30]} 17. fxe4 {[%emt 0:05:30]} g6 {[%emt 0:07:30]} 18. Rhf1 {[%emt 0:05:30]} Qe7 {[%emt 0:15:30]} 19. Qg3 {[%emt 0:05:30]} a6 {[%emt 0:00:30]} 20. Qf2 {[%emt 0:03:30]} f5 {[%emt 0:03:32]} 21. d5 {[%emt 0:02:30]} Ne5 {[%emt 0:01:20]} 22. dxe6 {[%emt 0:02:30]} fxe4 {[%emt 0:07:21]} 23. Qf6 {[%emt 0:00:30]} Rhe8 {[%emt 0:01:27]} 24. Qxe7 {[%emt 0:01:30]} Rxe7 {[%emt 0:00:30]} 25. Rf6 {[%emt 0:00:30]} Rde8 {[%emt 0:00:30]} 26. Nxe4 {[%emt 0:04:30]} Rxe6 {[%emt 0:01:34]} 27. Rxe6 {[%emt 0:01:30]} Rxe6 {[%emt 0:00:01]} 28. Nxd6 {[%emt 0:01:30]} Ng4 {[%emt 0:00:45]} 29. Nc4 {[%emt 0:00:30]} Re2 {[%emt 0:02:11]} 30. g3 {[%emt 0:02:30]} Nf2 {[%emt 0:04:02]} 31. Rf1 {[%emt 0:01:30]} Ne4 {[%emt 0:00:21]} 32. a4 {[%emt 0:00:30]} b5 {[%emt 0:01:08]} 33. axb5 {[%emt 0:00:30]} axb5 {[%emt 0:00:02]} 34. Rf8+ {[%emt 0:00:30]} Kc7 {[%emt 0:01:10]} 35. Na3 {[%emt 0:01:30]} b4 {[%emt 0:00:41]} 36. Nb5+ {[%emt 0:00:30]} Kb6 {[%emt 0:00:46]} 37. Nd4 {[%emt 0:02:30]} Rg2 {[%emt 0:00:39]} 38. Rb8+ {[%emt 0:00:30]} Kc5 {[%emt 0:00:29]} 39. Nb3+ {[%emt 0:00:30]} Kc4 {[%emt 0:00:38]} 40. Re8 {[%emt 0:00:00]} Nxg3 {[%emt 0:00:00]} 41. Re5 {[%emt 0:03:00]} 1-0

[Event "Turkish Super League 2019"]
[Site "Konya"]
[Date "2019.07.19"]
[Round "3"]
[White "Visakh N R"]
[Black "Esen, Baris"]
[Result "1/2-1/2"]
[WhiteElo "2526"]
[BlackElo "2478"]
[Annotator "ChessBase"]
[PlyCount "118"]
[EventDate "2019.07.17"]
[EventType "team-tourn"]
[EventCountry "TUR"]
[SourceTitle "playchess.com"]
[Source "ChessBase"]
[SourceQuality "1"]
[TimeControl "40/5400+30:1800+30"]

1. e4 c5 2. Nf3 d6 3. d4 cxd4 4. Qxd4 a6 5. c4 Nc6 6. Qe3 g6 7. h3 Bg7 8. Be2 Nf6 9. O-O Nd7 10. Nc3 O-O 11. Rb1 b6 12. b3 Bb7 13. Bb2 Rb8 14. Rfd1 Ba8 15. Ba1 Re8 16. Rd2 Nce5 17. Nh2 Qc8 18. f4 Nc6 19. Bg4 Qb7 20. Bxd7 Qxd7 21. Nd5 f6 22. Nxb6 Qa7 23. Nd5 Qxe3+ 24. Nxe3 Na5 25. e5 dxe5 26. fxe5 fxe5 27. Re1 Nc6 28. Nd5 Nd4 29. Nc7 Red8 30. Nxa6 Rbc8 31. Nb4 e4 32. Rf2 Bh6 33. Nf1 Bg5 34. Nd5 Bxd5 35. Bxd4 Bxc4 36. Be3 Bh4 37. bxc4 Bxf2+ 38. Bxf2 Rxc4 39. Ne3 Ra4 40. Re2 Rda8 41. Nd5 Rxa2 42. Rxe4 Rd2 43. Nxe7+ Kf7 44. Nc6 Raa2 45. Ne5+ Kg8 46. Rf4 Rd8 {[%emt 2:13:25]} 47. Ng4 {[%emt 2:03:30]} h5 {[%emt 0:00:30]} 48. Nf6+ {[%emt 0:00:30]} Kg7 {[%emt 0:00:24]} 49. Kh2 {[%emt 0:00:42]} Ra6 {[%emt 0:02:39]} 50. Bd4 {[%emt 0:02:58]} Kh6 {[%emt 0:00:20]} 51. Bc5 {[%emt 0:01:51]} Re6 {[%emt 0:02:07]} 52. Rf2 {[%emt 0:09:06]} Kg7 {[%emt 0:02:03]} 53. Ba3 {[%emt 0:00:24]} Rxf6 {[%emt 0:00:58]} 54. Bb2 {[%emt 0:00:02]} Rdd6 {[%emt 0:00:00]} 55. Kg3 {[%emt 0:00:24]} g5 {[%emt 0:01:22]} 56. h4 {[%emt 0:00:31]} Kg6 {[%emt 0:00:10]} 57. Rxf6+ {[%emt 0:00:33]} Rxf6 {[%emt 0:00:30]} 58. Bxf6 {[%emt 0:00:00]} Kxf6 {[%emt 0:00:09]} 59. hxg5+ {[%emt 0:00:03]} Kxg5 {[%emt 0:00:06]} 1/2-1/2